<?xml version="1.0" encoding="UTF-8"?>
<record
    xmlns:xsi="http://www.w3.org/2001/XMLSchema-instance"
    xsi:schemaLocation="http://www.loc.gov/MARC21/slim http://www.loc.gov/standards/marcxml/schema/MARC21slim.xsd"
    xmlns="http://www.loc.gov/MARC21/slim">

  <leader>02182nam a2200325 a 4500</leader>
  <controlfield tag="001">000000690</controlfield>
  <controlfield tag="003">DO-SdBNP</controlfield>
  <controlfield tag="005">20221024102406.0</controlfield>
  <controlfield tag="008">090422s2003 dr a  000 0 spa d</controlfield>
  <datafield tag="040" ind1=" " ind2=" ">
    <subfield code="a">DO-SdBNP</subfield>
    <subfield code="b">spa</subfield>
    <subfield code="c">BPMSU </subfield>
  </datafield>
  <datafield tag="082" ind1=" " ind2=" ">
    <subfield code="a">323.4</subfield>
    <subfield code="b">P762ha 2003</subfield>
    <subfield code="2">22</subfield>
  </datafield>
  <datafield tag="100" ind1="1" ind2=" ">
    <subfield code="a">Polanco, Vielka</subfield>
  </datafield>
  <datafield tag="245" ind1="1" ind2="0">
    <subfield code="a">Hacia un plan nacional de educaci&#xF3;n en derechos humanos  </subfield>
    <subfield code="b"> diagn&#xF3;stico /</subfield>
    <subfield code="c">Vielka Polanco, Marta Rodr&#xED;guez , Jacqueline Jim&#xE9;nez Polanco ; presentaci&#xF3;n, Nick Fabiancic, Luis Tiburcio ; prefacio primera dama de la Rep&#xFA;blica Dominicana Rosa G&#xF3;mez de Mej&#xED;a.</subfield>
  </datafield>
  <datafield tag="260" ind1=" " ind2=" ">
    <subfield code="a">Santo Domingo :</subfield>
    <subfield code="b">UNESCO;</subfield>
    <subfield code="b">FLACSO,</subfield>
    <subfield code="c">2003.</subfield>
  </datafield>
  <datafield tag="300" ind1=" " ind2=" ">
    <subfield code="a">2v. :</subfield>
    <subfield code="b">il. ;</subfield>
    <subfield code="c">27 cm.</subfield>
  </datafield>
  <datafield tag="505" ind1="0" ind2=" ">
    <subfield code="g">v. 1.</subfield>
    <subfield code="t">Diagn&#xF3;stico --</subfield>
    <subfield code="t">Prefacio --</subfield>
    <subfield code="t">Presentaci&#xF3;n --</subfield>
    <subfield code="t">Introducci&#xF3;n --</subfield>
    <subfield code="t">Antecedentes --</subfield>
    <subfield code="t">Fundamentos te&#xF3;ricos y metodol&#xF3;gicos --</subfield>
    <subfield code="t">Metodolog&#xED;a --</subfield>
    <subfield code="t">Matriz utilizada para la recopilaci&#xF3;n y examen de informaci&#xF3;n --</subfield>
    <subfield code="t">Diagn&#xF3;stico de la educaci&#xF3;n en derechos humanos en la ense&#xF1;anza formal b&#xE1;sica, media, superior y la formaci&#xF3;n de maestros/as /</subfield>
    <subfield code="r">Vielka Polanco --</subfield>
    <subfield code="t">Diagn&#xF3;stico sobre la situaci&#xF3;n de la educaci&#xF3;n en derechos humanos en administraci&#xF3;n p&#xFA;blica, sector justicia, las Fuerzas Armadas y la Polic&#xED;a Nacional /</subfield>
    <subfield code="r">Martha Rodr&#xED;guez Caba --</subfield>
    <subfield code="t">Diagn&#xF3;stico de la educaci&#xF3;n en derecho humanos desde el horizonte de la sociedad civil /</subfield>
    <subfield code="r">Jaqueline Jim&#xE9;nez Polanco --</subfield>
    <subfield code="g">v. 2 .</subfield>
    <subfield code="t">Lineamientos estrat&#xE9;gicos ---</subfield>
    <subfield code="t">Diagn&#xF3;stico sobre la educaci&#xF3;n en derechos humanos en la Rep&#xFA;blica Dominicana --</subfield>
    <subfield code="t">Hacia un plan nacional de educaci&#xF3;n en derechos humanos --</subfield>
    <subfield code="t">Estrategias para la implementaci&#xF3;n del plan nacional.</subfield>
  </datafield>
  <datafield tag="590" ind1=" " ind2=" ">
    <subfield code="a">Inventariado, 2022/VM</subfield>
  </datafield>
  <datafield tag="650" ind1=" " ind2="4">
    <subfield code="a">Derechos humanos </subfield>
    <subfield code="x">Estudio y ense&#xF1;anza</subfield>
    <subfield code="z">Rep&#xFA;blica Dominicana</subfield>
  </datafield>
  <datafield tag="650" ind1=" " ind2="4">
    <subfield code="a">Educaci&#xF3;n</subfield>
    <subfield code="x">Legislaci&#xF3;n</subfield>
    <subfield code="z">Rep&#xFA;blica Dominicana</subfield>
  </datafield>
  <datafield tag="650" ind1=" " ind2="4">
    <subfield code="a">Educaci&#xF3;n para los derechos humanos.</subfield>
  </datafield>
  <datafield tag="700" ind1="1" ind2=" ">
    <subfield code="a">Rodr&#xED;guez, Marta</subfield>
  </datafield>
  <datafield tag="700" ind1="1" ind2=" ">
    <subfield code="a">Jim&#xE9;nez Polanco, Jacqueline</subfield>
  </datafield>
  <datafield tag="700" ind1="1" ind2=" ">
    <subfield code="a">Fabiancic, Nick</subfield>
  </datafield>
  <datafield tag="700" ind1="1" ind2=" ">
    <subfield code="a">Tiburcio, Luis</subfield>
  </datafield>
  <datafield tag="700" ind1="1" ind2=" ">
    <subfield code="a">G&#xF3;mez de Mej&#xED;a, Rosa</subfield>
  </datafield>
  <datafield tag="710" ind1="2" ind2=" ">
    <subfield code="a"> Programa de las Naciones Unidas para el Desarrollo</subfield>
  </datafield>
  <datafield tag="710" ind1="2" ind2=" ">
    <subfield code="a">FLACSO (Rep&#xFA;blica Dominicana)</subfield>
  </datafield>
  <datafield tag="910" ind1=" " ind2=" ">
    <subfield code="a">VMateo V./Validado.  </subfield>
  </datafield>
  <datafield tag="942" ind1=" " ind2=" ">
    <subfield code="2">ddc</subfield>
    <subfield code="c">BK</subfield>
  </datafield>
  <datafield tag="952" ind1=" " ind2=" ">
    <subfield code="0">0</subfield>
    <subfield code="1">0</subfield>
    <subfield code="2">ddc</subfield>
    <subfield code="4">0</subfield>
    <subfield code="7">0</subfield>
    <subfield code="a">BPMET</subfield>
    <subfield code="b">BPMET</subfield>
    <subfield code="d">2022-10-24</subfield>
    <subfield code="e">FLACSO</subfield>
    <subfield code="l">0</subfield>
    <subfield code="o">BPMSU CD 323.4 P762ha 2003</subfield>
    <subfield code="p">BPMSU22100078</subfield>
    <subfield code="r">2022-10-24</subfield>
    <subfield code="t">v.1</subfield>
    <subfield code="w">2022-10-24</subfield>
    <subfield code="y">BK</subfield>
  </datafield>
  <datafield tag="952" ind1=" " ind2=" ">
    <subfield code="0">0</subfield>
    <subfield code="1">0</subfield>
    <subfield code="2">ddc</subfield>
    <subfield code="4">0</subfield>
    <subfield code="7">0</subfield>
    <subfield code="a">BPMET</subfield>
    <subfield code="b">BPMET</subfield>
    <subfield code="d">2022-10-24</subfield>
    <subfield code="e">FLACSO</subfield>
    <subfield code="l">0</subfield>
    <subfield code="o">BPMSU CD 323.4 P762ha 2003</subfield>
    <subfield code="p">BPMSU22100079</subfield>
    <subfield code="r">2022-10-24</subfield>
    <subfield code="t">v.1, e.2</subfield>
    <subfield code="w">2022-10-24</subfield>
    <subfield code="y">BK</subfield>
  </datafield>
  <datafield tag="952" ind1=" " ind2=" ">
    <subfield code="0">0</subfield>
    <subfield code="1">0</subfield>
    <subfield code="2">ddc</subfield>
    <subfield code="4">0</subfield>
    <subfield code="7">0</subfield>
    <subfield code="a">BPMET</subfield>
    <subfield code="b">BPMET</subfield>
    <subfield code="d">2022-10-24</subfield>
    <subfield code="e">FLACSO</subfield>
    <subfield code="l">0</subfield>
    <subfield code="o">BPMSU CD 323.4 P762ha 2003</subfield>
    <subfield code="p">BPMSU22100080</subfield>
    <subfield code="r">2022-10-24</subfield>
    <subfield code="t">v.1, e.3</subfield>
    <subfield code="w">2022-10-24</subfield>
    <subfield code="y">BK</subfield>
  </datafield>
  <datafield tag="999" ind1=" " ind2=" ">
    <subfield code="c">14315</subfield>
    <subfield code="d">14315</subfield>
  </datafield>
</record>
